<?xml version="1.0" encoding="UTF-8"?>
<record
    xmlns:xsi="http://www.w3.org/2001/XMLSchema-instance"
    xsi:schemaLocation="http://www.loc.gov/MARC21/slim http://www.loc.gov/standards/marcxml/schema/MARC21slim.xsd"
    xmlns="http://www.loc.gov/MARC21/slim">

  <leader>00516nam a22001697a 4500</leader>
  <datafield tag="999" ind1=" " ind2=" ">
    <subfield code="c">7117</subfield>
    <subfield code="d">7117</subfield>
  </datafield>
  <controlfield tag="003">GBCCL</controlfield>
  <controlfield tag="005">20241126110620.0</controlfield>
  <controlfield tag="008">180710b           ||||| |||| 00| 0 eng d</controlfield>
  <datafield tag="040" ind1=" " ind2=" ">
    <subfield code="c">GBC</subfield>
  </datafield>
  <datafield tag="082" ind1=" " ind2=" ">
    <subfield code="a">305.8095417</subfield>
    <subfield code="b">PIA</subfield>
  </datafield>
  <datafield tag="100" ind1=" " ind2=" ">
    <subfield code="a">Piangzathang</subfield>
    <subfield code="9">12599</subfield>
  </datafield>
  <datafield tag="245" ind1=" " ind2=" ">
    <subfield code="a">A Story of the Guite Chiefs/</subfield>
    <subfield code="c">Piangzathang</subfield>
  </datafield>
  <datafield tag="260" ind1=" " ind2=" ">
    <subfield code="a">Churachandpur:</subfield>
    <subfield code="b">Luanzaching,</subfield>
    <subfield code="c">1982.</subfield>
  </datafield>
  <datafield tag="300" ind1=" " ind2=" ">
    <subfield code="a">68 p.;</subfield>
    <subfield code="b">Illustrations, Pic.,</subfield>
    <subfield code="c">12 x 16 cm.</subfield>
  </datafield>
  <datafield tag="650" ind1=" " ind2=" ">
    <subfield code="a">Chiefdoms - India - Manipur</subfield>
    <subfield code="v">Guite - History - Manipur</subfield>
    <subfield code="9">12600</subfield>
  </datafield>
  <datafield tag="942" ind1=" " ind2=" ">
    <subfield code="2">ddc</subfield>
    <subfield code="c">BK</subfield>
    <subfield code="0">1</subfield>
  </datafield>
  <datafield tag="952" ind1=" " ind2=" ">
    <subfield code="0">0</subfield>
    <subfield code="1">0</subfield>
    <subfield code="2">ddc</subfield>
    <subfield code="4">0</subfield>
    <subfield code="7">0</subfield>
    <subfield code="a">GBC</subfield>
    <subfield code="b">GBC</subfield>
    <subfield code="c">NE</subfield>
    <subfield code="d">2018-07-10</subfield>
    <subfield code="l">1</subfield>
    <subfield code="o">305.8095417 PIA</subfield>
    <subfield code="p">005498</subfield>
    <subfield code="r">2025-05-01 00:00:00</subfield>
    <subfield code="s">2024-02-08</subfield>
    <subfield code="t">c.1</subfield>
    <subfield code="w">2018-07-10</subfield>
    <subfield code="y">BK</subfield>
  </datafield>
</record>
